ห้องสมุดวิทยาลัยพยาบาลบรมราชชนนี ตรัง
Boromarajonani College Of Nursing,Trang Library
เปลี่ยนเป็นภาษาไทย

Change to English
 แสดงรายละเอียดบรรณานุกรม
  กลับหน้าหลัก

Brief Record : Get Marc (ISO 2709) : E-mail record : QR code ปิดหน้าต่าง
หนังสือใหม่ : เกี่ยวกับ Collections
LEADER 00000nam 2200000uu 4500
001    13399123901
003     BCNT
008    260701s||||||||th 000 0 tha d
020    9786165720151
050  4 WY 164 ก115ผ 2568
060  0 WY 164 ก115ผ 2568
100 0  ^aกันตพร ยอดไชย.
245 1   ^aผู้ป่วยโรคไตเรื้อรัง:^bการพยาบาลและการจัดการอาการ = Patients with chronic kindey disease: nursing care and symptom management /^cกันตพร ยอดไชย.
246 3   ^aPatients with chronic kidey disease: nursing care nd symptom management
250    ^aพิมพ์ครั้งที่ 6.
260    ^aสงขลา :^bคณะพยาบาลศาสตร์ มหาวทยาลัยสงขลานครินทร์ วิทยาเขตหาดใหญ่,^c2568.
300    ^a206 หน้า ;^c25 ซม.
505 0  ^aบทที่ 1 แนวคิดเกี่ยวกับโรคไตเรื้อรัง -- บทที่ 2 การพยาบาลเพื่อส่งเสริมการปรับตัวในผู้ป่วยโรคไตเรื้อรัง -- บทที่ 3 การส่งเสริมวิธีการจัดการอาการกับภาวะแทรกซ้อนที่พบบ่อยในผู้ป่วยโรคไตเรื้อรัง -- บทที่ 4 การดูแลด้านจิตวิญญาณในผู้ป่วยโรคไตเรื้อรัง -- บทที่ 5 การดูแลแบบประคับประคองและการดูแลระยะท้ายในผู้ป่วยโรคไตเรื้อรัง^
650    ^aaโรคไต^xการรักษา
999    ^aparamin
รายการนี้ยังไม่มีแท็ก
คุณยังไม่ได้ล็อกอิน คุณสามารถมีกิจกรรมร่วมกับเว็บไซต์ได้ แต่ต้องล็อกอินก่อน ::
  ล็อกอิน
ลำดับที่ ประเภท เลขเรียก สถานที่ สถานะ
1. หนังสือ
หนังสือ
WY 164 ก115ผ 2568 c.1 
  
ห้องสมุดสาขาหลัก
►ระบบ NLM
On Shelf
2. หนังสือ
หนังสือ
WY 164 ก115ผ 2568 c.2 
  
ห้องสมุดสาขาหลัก
►ระบบ NLM
On Shelf
3. หนังสือ
หนังสือ
WY 164 ก115ผ 2568 c.3 
  
ห้องสมุดสาขาหลัก
►ระบบ NLM
On Shelf
   [แสดง 3/3 รายการ]

BibComment


ยังไม่เคยถูกคอมเมนท์

คอมเมนท์ทรัพยากรรายการนี้
  คอมเมนท์: ผู้ป่วยโรคไตเรื..
Bib 13399123901

 
 
 

 Union Library Management : ULibM
Copyright 2026. All Rights Reserved.